[Event "Mittelrhein Regionalliga 18/19"]
[Site "Nordrheinwestfalen"]
[Date "2018.09.02"]
[Round "1.6"]
[White "Jablonowski, Christoph"]
[Black "Reckers, Sebastian"]
[Result "1-0"]
[WhiteElo "1862"]
[BlackElo "1882"]
[PlyCount "99"]
[EventDate "2018.10.28"]
[EventType "team-tourn"]
[EventRounds "11"]
[EventCountry "GER"]
[SourceTitle "EXT 2022"]
[Source "ChessBase"]
[SourceDate "2021.10.06"]
[SourceVersion "1"]
[SourceVersionDate "2021.10.06"]
[SourceQuality "1"]
[WhiteTeam "Aachen SV II"]
[BlackTeam "Euskirchen Turm"]
[WhiteTeamCountry "GER"]
[BlackTeamCountry "GER"]

1. d4 Nf6 2. Nf3 g6 3. c4 Bg7 4. Nc3 0-0 5. e4 d6 6. Be2 e5 7. 0-0 Nc6 8. d5 Ne7 9. b4 a5 10. Ba3 axb4 11. Bxb4 b6 12. a4 Ne8 13. a5 bxa5 14. Bxa5 f5 15. Nd2 Kh8 16. f3 f4 17. c5 dxc5 18. Nb3 Rf6 19. Nxc5 g5 20. Rf2 Bf8 21. Bb4 Rxa1 22. Qxa1 Ng6 23. Qa8 Rb6 24. Ne6 Rxe6 25. Bxf8 Nxf8 26. dxe6 Nxe6 27. Bc4 Nd4 28. Ba6 Nd6 29. Rb2 Kg7 30. Rb8 Qd7 31. Bxc8 Nxc8 32. Rxc8 Ne6 33. Nd5 Qb5 34. Qa1 Qc5+ 35. Kh1 Qd6 36. Qc3 Kh6 37. h3 Qa6 38. Re8 Qf1+ 39. Kh2 Nd4 40. Qa3 c5 41. Re7 Kg6 42. Qb2 h6 43. Qa2 Kh5 44. Rh7 c4 45. Nf6+ Kg6 46. Ng4 Kxh7 47. Qa7+ Kh8 48. Qb8+ Kh7 49. Qc7+ Kg8 50. Qd8+ 1-0

[Event "Mittelrhein Regionalliga 1718"]
[Site "Nordrheinwestfalen"]
[Date "2018.05.06"]
[Round "9.5"]
[White "Cmiel, Thorsten"]
[Black "Jablonowski, Christoph"]
[Result "1/2-1/2"]
[WhiteElo "2087"]
[BlackElo "1911"]
[PlyCount "32"]
[EventDate "2017.09.10"]
[EventType "team-tourn"]
[EventRounds "9"]
[EventCountry "GER"]
[SourceTitle "EXT 2022"]
[Source "ChessBase"]
[SourceDate "2021.10.06"]
[SourceVersion "1"]
[SourceVersionDate "2021.10.06"]
[SourceQuality "1"]
[WhiteTeam "Koeln Lasker"]
[BlackTeam "Aachen SV II"]
[WhiteTeamCountry "GER"]
[BlackTeamCountry "GER"]

1. d4 Nf6 2. Bg5 c5 3. Nc3 Qb6 4. dxc5 Qxc5 5. Qd2 e6 6. e4 a6 7. Nf3 Nc6 8. Bd3 Be7 9. 0-0 d6 10. Na4 Qb4 11. Qxb4 Nxb4 12. Nb6 Rb8 13. a3 Nc6 14. Rfe1 Nd7 15. Bxe7 Kxe7 16. Nxd7 Bxd7 1/2-1/2

[Event "Mittelrhein Regionalliga 16/17"]
[Site "Nordrheinwestfalen"]
[Date "2017.04.30"]
[Round "11.1"]
[White "Jablonowski, Christoph"]
[Black "Eichhorn, Andreas"]
[Result "0-1"]
[WhiteElo "1971"]
[BlackElo "2280"]
[PlyCount "52"]
[EventDate "2016.09.11"]
[EventType "team-tourn"]
[EventRounds "11"]
[EventCountry "GER"]
[SourceTitle "EXT 2022"]
[Source "ChessBase"]
[SourceDate "2021.10.06"]
[SourceVersion "1"]
[SourceVersionDate "2021.10.06"]
[SourceQuality "1"]
[WhiteTeam "Aachen SV II"]
[BlackTeam "Koeln Lasker"]
[WhiteTeamCountry "GER"]
[BlackTeamCountry "GER"]

1. d4 e6 2. Nf3 c5 3. g3 cxd4 4. Nxd4 Nc6 5. Bg2 Qb6 6. Nb3 Nf6 7. 0-0 d5 8. a4 Be7 9. Nc3 0-0 10. a5 Qd8 11. Kh1 d4 12. Bxc6 dxc3 13. Bg2 Qc7 14. Qd4 cxb2 15. Qxb2 e5 16. Be3 Ng4 17. Bb6 axb6 18. axb6 Qxb6 19. Rxa8 Nxf2+ 20. Rxf2 Qxf2 21. Qc3 Qxe2 22. h4 Bf5 23. Rxf8+ Bxf8 24. Bxb7 Bxc2 25. Nc5 Qf1+ 26. Kh2 Qf2+ 0-1

[Event "Maastricht Limburg op-A 8th"]
[Site "Maastricht"]
[Date "2014.06.07"]
[Round "3"]
[White "Jablonowski, Christoph"]
[Black "Sadikhov, Ulvi Ramil Oglu"]
[Result "1/2-1/2"]
[WhiteElo "2010"]
[BlackElo "2337"]
[PlyCount "56"]
[EventDate "2014.06.06"]
[EventType "swiss"]
[EventRounds "7"]
[EventCountry "NED"]
[SourceTitle "CBM 160 Extra"]
[Source "ChessBase"]
[SourceDate "2014.07.01"]
[SourceVersion "1"]
[SourceVersionDate "2014.07.01"]
[SourceQuality "1"]

1. d4 d6 2. c4 e5 3. dxe5 dxe5 4. Qxd8+ Kxd8 5. Nf3 f6 6. Nc3 Be6 7. b3 c6 8. Bb2 Nd7 9. e3 Kc7 10. Be2 a5 11. 0-0 Nh6 12. Rfd1 Nf7 13. Rac1 Nc5 14. Nd2 Be7 15. Nde4 Nxe4 16. Nxe4 Rhd8 17. Nc3 Rxd1+ 18. Rxd1 Bd7 19. Na4 Bf5 20. g4 Be6 21. f4 g6 22. h4 Re8 23. g5 fxg5 24. fxg5 b6 25. Rf1 Bd6 26. Bg4 Nd8 27. Bxe6 Rxe6 28. Bc3 Bb4 1/2-1/2

[Event "Goch op 23rd"]
[Site "Goch"]
[Date "2012.09.01"]
[Round "4"]
[White "Jablonowski, Christoph"]
[Black "Heinemann, Ernst"]
[Result "0-1"]
[WhiteElo "1991"]
[BlackElo "2150"]
[PlyCount "96"]
[EventDate "2012.08.30"]
[EventType "swiss"]
[EventRounds "7"]
[EventCountry "GER"]
[SourceTitle "EXT 2015"]
[Source "ChessBase"]
[SourceDate "2014.11.20"]
[SourceVersion "1"]
[SourceVersionDate "2014.11.20"]
[SourceQuality "1"]

1. Nf3 g6 2. c4 Bg7 3. Nc3 c5 4. g3 Nc6 5. Bg2 e5 6. 0-0 Nge7 7. a3 a5 8. Ne1 0-0 9. Nc2 d6 10. Ne3 Rb8 11. Ned5 Nxd5 12. Nxd5 Ne7 13. a4 Nxd5 14. Bxd5 Bh3 15. Re1 Qd7 16. d3 h5 17. Bd2 b6 18. e3 Bf6 19. Bc3 Kg7 20. d4 Rbd8 21. Bg2 Bxg2 22. Kxg2 cxd4 23. exd4 Qc6+ 24. Qf3 Qxf3+ 25. Kxf3 exd4 26. Bd2 d3 27. Ra3 d5 28. c5 bxc5 29. Rxd3 c4 30. Rde3 Rb8 31. Bxa5 Rxb2 32. Bc3 Ra2 33. Rd1 Rd8 34. Bxf6+ Kxf6 35. Rd4 Rd7 36. h4 Rxa4 37. Kf4 Ra5 38. Re5 c3 39. Re2 Rc5 40. Rc2 Rb7 41. Rd3 Rc4+ 42. Kf3 d4 43. Ke4 Rd7 44. Rf3+ Ke6 45. Kd3 Rb4 46. Rf4 f5 47. f3 Rb2 48. g4 Rxc2 0-1

[Event "Goch op 23rd"]
[Site "Goch"]
[Date "2012.08.31"]
[Round "3"]
[White "Jablonowski, Christoph"]
[Black "Vovchik, Vladimir"]
[Result "1-0"]
[WhiteElo "1991"]
[BlackElo "1761"]
[PlyCount "99"]
[EventDate "2012.08.30"]
[EventType "swiss"]
[EventRounds "7"]
[EventCountry "GER"]
[SourceTitle "EXT 2015"]
[Source "ChessBase"]
[SourceDate "2014.11.20"]
[SourceVersion "1"]
[SourceVersionDate "2014.11.20"]
[SourceQuality "1"]

1. Nf3 Nf6 2. c4 g6 3. Nc3 Bg7 4. e4 d6 5. d4 0-0 6. h3 c6 7. Be3 Re8 8. Bd3 e5 9. 0-0 exd4 10. Nxd4 Na6 11. Nb3 Nb4 12. a3 Nxd3 13. Qxd3 Qe7 14. Nd2 Nh5 15. Rfe1 Be5 16. Nf3 Nf4 17. Qd2 Nxg2 18. Kxg2 Bxh3+ 19. Kxh3 Qe6+ 20. Kh4 Qf6+ 21. Bg5 Qxf3 22. Qe2 Qg2 23. f4 Qxe2 24. Rxe2 Bg7 25. Kg3 h6 26. Bh4 f5 27. Rae1 Kf7 28. exf5 gxf5 29. Re7+ Kf8 30. Kf3 Bd4 31. Rxb7 Rxe1 32. Bxe1 Re8 33. Bd2 Re7 34. Rxe7 Kxe7 35. b4 a6 36. Ne2 Bb6 37. Be3 c5 38. Nc3 Ke6 39. Nd5 Ba7 40. Nc7+ Kd7 41. Nxa6 Kc6 42. b5+ Kb7 43. Kg3 Bb6 44. Kh4 Bd8+ 45. Kh5 Bf6 46. Kxh6 Bd4 47. Bxd4 cxd4 48. Nb4 Kb6 49. Kg5 Kc5 50. Kxf5 1-0

[Event "Solingen Karneval op"]
[Site "Solingen"]
[Date "2012.02.18"]
[Round "3"]
[White "Jablonowski, Christoph"]
[Black "Pitz, Marko"]
[Result "1-0"]
[WhiteElo "1963"]
[BlackElo "1690"]
[PlyCount "99"]
[EventDate "2012.02.17"]
[EventType "swiss"]
[EventRounds "5"]
[EventCountry "GER"]
[SourceTitle "EXT 2015"]
[Source "ChessBase"]
[SourceDate "2014.11.20"]
[SourceVersion "1"]
[SourceVersionDate "2014.11.20"]
[SourceQuality "1"]

1. d4 e5 2. dxe5 Nc6 3. Nf3 f6 4. exf6 Nxf6 5. Bg5 Bc5 6. e3 d5 7. Bb5 0-0 8. c3 Ne7 9. Nbd2 Bf5 10. Nb3 Bb6 11. Nbd4 Bg4 12. h3 Bxd4 13. hxg4 Bc5 14. Bxf6 Rxf6 15. g5 Rb6 16. Qd3 g6 17. 0-0-0 c6 18. Ba4 Qd6 19. b4 Bxb4 20. cxb4 Rxb4 21. Bb3 Rg4 22. Rh2 Rf8 23. Rdh1 Rf7 24. Qc3 Re4 25. Rh4 Rxh4 26. Rxh4 Qa3+ 27. Kb1 Qa6 28. Rf4 Rxf4 29. exf4 Qf1+ 30. Qe1 Qxe1+ 31. Nxe1 Kf7 32. Kc2 Ke6 33. Kc3 b5 34. g4 c5 35. Nf3 a5 36. Bc2 d4+ 37. Nxd4+ cxd4+ 38. Kxd4 Kd6 39. Be4 Nc8 40. f5 Nb6 41. fxg6 hxg6 42. Bxg6 Nd7 43. f4 b4 44. Be8 Nf8 45. Bf7 a4 46. g6 Ne6+ 47. Bxe6 Kxe6 48. Kc4 b3 49. axb3 a3 50. Kc3 1-0

[Event "Hamburg HSK Elo 6th"]
[Site "Hamburg"]
[Date "2009.04.30"]
[Round "1"]
[White "Reddmann, Hauke"]
[Black "Jablonowski, Christoph"]
[Result "1/2-1/2"]
[WhiteElo "2338"]
[BlackElo "1979"]
[PlyCount "40"]
[EventDate "2009.04.30"]
[EventType "swiss"]
[EventRounds "7"]
[EventCountry "GER"]
[SourceTitle "EXT 2022"]
[Source "ChessBase"]
[SourceDate "2021.10.06"]
[SourceVersion "1"]
[SourceVersionDate "2021.10.06"]
[SourceQuality "1"]

1. d4 Nf6 2. Bg5 e6 3. e4 h6 4. Bxf6 Qxf6 5. Nc3 c5 6. Nb5 Na6 7. e5 Qd8 8. d5 d6 9. dxe6 Bxe6 10. exd6 Qa5+ 11. c3 0-0-0 12. a4 Kb8 13. Qd2 Qb6 14. a5 Qc6 15. Nf3 Bxd6 16. Nxd6 Qxd6 17. Qxd6+ Rxd6 18. Be2 Re8 19. 0-0 Bg4 20. Rfe1 Nc7 1/2-1/2

[Event "Hamburg Junge op"]
[Site "Hamburg"]
[Date "2005.10.09"]
[Round "9"]
[White "Lindschau, Eggert"]
[Black "Jablonowski, Christoph"]
[Result "1/2-1/2"]
[WhiteElo "2103"]
[BlackElo "1942"]
[PlyCount "24"]
[EventDate "2005.10.01"]
[EventType "swiss"]
[EventRounds "9"]
[EventCountry "GER"]
[SourceTitle "CBM 108 Extra"]
[Source "ChessBase"]
[SourceDate "2005.11.04"]
[SourceVersion "1"]
[SourceVersionDate "2005.11.04"]
[SourceQuality "1"]

1. e4 e6 2. d4 d5 3. Nc3 Bb4 4. e5 c5 5. a3 Bxc3+ 6. bxc3 Ne7 7. Nf3 Qa5 8. Qd2 c4 9. g3 0-0 10. Bh3 Nbc6 11. 0-0 f5 12. exf6 Rxf6 1/2-1/2

[Event "Hamburg State-ch U18"]
[Site "Cuxhaven"]
[Date "2005.03.16"]
[Round "6"]
[White "Colpe, Lennart"]
[Black "Jablonowski, Christoph"]
[Result "1-0"]
[WhiteElo "1772"]
[BlackElo "1784"]
[PlyCount "69"]
[EventDate "2005.03.12"]
[EventType "swiss"]
[EventRounds "9"]
[EventCountry "GER"]
[SourceTitle "EXT 2007"]
[Source "ChessBase"]
[SourceDate "2006.11.23"]
[SourceVersion "1"]
[SourceVersionDate "2006.11.23"]
[SourceQuality "1"]

1. d4 d5 2. c4 e6 3. Nf3 Nf6 4. Nc3 c6 5. Bg5 Be7 6. e3 Nbd7 7. Bd3 dxc4 8. Bxc4 b5 9. Be2 a6 10. 0-0 0-0 11. Rc1 c5 12. e4 Bb7 13. e5 Nd5 14. Ne4 Bxg5 15. Nexg5 c4 16. Ne4 Ne3 17. fxe3 Bxe4 18. Nd2 Bb7 19. Bf3 Bxf3 20. Rxf3 Qg5 21. Ne4 Qh5 22. b3 cxb3 23. axb3 Nb6 24. Nf6+ gxf6 25. Rg3+ Qg6 26. Rxg6+ fxg6 27. exf6 Rxf6 28. e4 Rf4 29. Rc6 Rxe4 30. Rxb6 Rd8 31. g3 Rexd4 32. Qe2 R4d6 33. Rxd6 Rxd6 34. Qe5 Rc6 35. Qb8+ 1-0